One Letter Element - Statistics

General Stats
  • This quiz has been taken 25 times
  • The average score is 12 of 14
Answer Stats
Hint Answer % Correct
B Boron
100%
H Hydrogen
100%
O Oxygen
100%
C Carbon
96%
N Nitrogen
96%
K Potassium
96%
S Sulfur
96%
F Fluorine
92%
P Phosphorus
92%
U Uranium
92%
I Iodine
88%
W Tungsten
72%
V Vanadium
64%
Y Yttrium
60%
No matching quizzes found
Score Distribution
Percent of People with Each Score
Percentile by Number Answered
Your Score History
You have not taken this quiz